Advanced engineering mathematics (Record no. 5175)

MARC details
000 -LEADER
fixed length control field 00470nam a2200157Ia 4500
003 - CONTROL NUMBER IDENTIFIER
control field SGT
020 ## - INTERNATIONAL STANDARD BOOK NUMBER
International Standard Book Number 9788121903455
082 ## - DEWEY DECIMAL CLASSIFICATION NUMBER
Classification number 510.2462
Item number DAS
100 ## - MAIN ENTRY--PERSONAL NAME
Personal name Dass,H.K
245 ## - TITLE STATEMENT
Title Advanced engineering mathematics
260 ## - PUBLICATION, DISTRIBUTION, ETC. (IMPRINT)
Name of publisher, distributor, etc S.Chand
Place of publication, distribution, etc N.Delhi
Year of Publication 2010
300 ## - PAGE DESCRIPTION
No. of Pages 1358p.
650 ## - SUBJECT ADDED ENTRY--TOPICAL TERM
Topical term or geographic name as entry element MATHEMATICS ENGINEERING
653 ## - KEYWORDS--INDEX TERM
Keyword term PARTIAL DIFFERENTIATION, MULTIPLE INTEGRAL, DIFFERENTIAL EQUATIONS, DETERMINANTS AND MATRICES, VECTORS, COMPLEX NUMBERS
942 ## - ADDED ENTRY ELEMENTS (KOHA)
Source of classification or shelving scheme Dewey Decimal Classification
Koha item type Books
942 ## - ADDED ENTRY ELEMENTS (KOHA)
-- 29
Holdings
Withdrawn status Lost status Source of classification or shelving scheme Damaged status Not for loan Home library Current library Date acquired SGTU Total Checkouts Total Renewals Full call number Accession No. (Barcode) Date last seen Date last borrowed Bill Date Koha item type
    Dewey Decimal Classification     SGT Engineering Library SGT Engineering Library 24/06/2011 SGTU 14 2 510.2462 DAS FE3067 17/01/2025 30/12/2024 09/02/2015 Books
    Dewey Decimal Classification     SGT Engineering Library SGT Engineering Library 24/06/2011 SGTU 16 1 510.2462 DAS FE3068 14/12/2024 28/11/2024 09/02/2015 Books
    Dewey Decimal Classification     SGT Engineering Library SGT Engineering Library 24/06/2011 SGTU 12 2 510.2462 DAS FE3069 11/01/2025 30/12/2024 09/02/2015 Books
    Dewey Decimal Classification     SGT Engineering Library SGT Engineering Library 24/06/2011 SGTU 2   510.2462 DAS FE3070 02/12/2024 20/11/2024 09/02/2015 Books
    Dewey Decimal Classification     SGT Engineering Library SGT Engineering Library 24/06/2011 SGTU 11 1 510.2462 DAS FE3071 16/12/2024 03/12/2024 09/02/2015 Books